000 00777nam a2200265 i 4500
001 C2-0111604
003 PPAK
005 20180727103445.0
008 970626s1995 my |||| ||||| | eng d
020 _a9839080350
040 _aPPAK
_beng
_cPPAK
_erda
082 0 4 _a425
_223
090 0 0 _a425
_bNAN
_dG
100 1 _aNandy, Milon,
_eauthor
245 1 0 _aGrasping basic English grammar
264 1 _aPetaling Jaya, Selangor :
_bKumpulan Rusa ,
_c1995
300 _a81 pages ;
_c22 cm
336 _2rdacontent
_atext
337 _2rdamedia
_aunmediated
338 _2rdacarrier
_avolume
490 1 _aShort-cut to mastering English language skills
650 1 0 _aEnglish language - Grammar
830 0 _aShort-cut to mastering English language skills
942 _ddc
_cB
999 _c27798
_d27798